[Event "POL-chT 2nd League"]
[Site "Miedzyzdroje"]
[Date "2009.09.17"]
[Round "6"]
[White "Kulesza, Mateusz"]
[Black "Wypych, Dominik"]
[Result "1/2-1/2"]
[WhiteElo "2247"]
[BlackElo "2070"]
[PlyCount "85"]
[EventDate "2009.09.12"]
[EventType "team-swiss"]
[EventRounds "9"]
[EventCountry "POL"]
[SourceTitle "EXT 2019"]
[Source "ChessBase"]
[SourceDate "2018.10.10"]
[SourceVersion "1"]
[SourceVersionDate "2018.10.10"]
[SourceQuality "1"]
[WhiteTeam "Gliwice Politechnika Slaska"]
[BlackTeam "Gostynin Gostmat 83"]
[WhiteTeamCountry "POL"]
[BlackTeamCountry "POL"]

1. e4 e6 2. d4 d5 3. exd5 exd5 4. Bd3 Bd6 5. Nc3 c6 6. Nge2 Ne7 7. Bf4 Bf5 8. Bxf5 Nxf5 9. Qd3 Bxf4 10. Qxf5 Bd6 11. 0-0-0 0-0 12. h4 Nd7 13. h5 Nb6 14. g4 Nc4 15. Rd3 h6 16. b3 Na3 17. Nd1 Qg5+ 18. Qxg5 hxg5 19. Ne3 Nb5 20. c4 Nc7 21. Nf5 Rfd8 22. c5 Bf8 23. Nc3 Re8 24. Re3 Re6 25. Rhe1 Rae8 26. b4 g6 27. hxg6 fxg6 28. Nd6 Rxe3 29. Rxe3 Rxe3 30. fxe3 Bxd6 31. cxd6 Ne6 32. b5 Kf8 33. bxc6 bxc6 34. Na4 Nd8 35. Nc5 Nf7 36. Kd2 Nxd6 37. Ne6+ Ke7 38. Nxg5 Nb7 39. Kd3 Nd8 40. Nf3 Kd6 41. Ne5 g5 42. e4 Ne6 43. Nf7+ 1/2-1/2

[Event "POL-chT 2nd League"]
[Site "Miedzyzdroje"]
[Date "2009.09.13"]
[Round "2"]
[White "Kulesza, Mateusz"]
[Black "Bielczyk, Jacek"]
[Result "1-0"]
[WhiteElo "2247"]
[BlackElo "2312"]
[PlyCount "59"]
[EventDate "2009.09.12"]
[EventType "team-swiss"]
[EventRounds "9"]
[EventCountry "POL"]
[SourceTitle "EXT 2019"]
[Source "ChessBase"]
[SourceDate "2018.10.10"]
[SourceVersion "1"]
[SourceVersionDate "2018.10.10"]
[SourceQuality "1"]
[WhiteTeam "Gliwice Politechnika Slaska"]
[BlackTeam "Chrzanow UKS SP 8 U19"]
[WhiteTeamCountry "POL"]
[BlackTeamCountry "POL"]

1. e4 e6 2. d4 c5 3. d5 exd5 4. exd5 d6 5. Bd3 Nf6 6. c4 Be7 7. Nc3 0-0 8. Nge2 Nbd7 9. f4 Re8 10. 0-0 Bf8 11. h3 a6 12. a4 Rb8 13. g4 b5 14. axb5 axb5 15. Nxb5 Ne4 16. Bxe4 Rxe4 17. Qd3 Re8 18. Bd2 Qh4 19. Kg2 h5 20. g5 Nb6 21. Ng1 Bf5 22. Qxf5 Nxc4 23. Qd3 Nxb2 24. Qb3 g6 25. Qxb2 Bg7 26. Qb3 Bxa1 27. Rxa1 Re4 28. Qf3 f5 29. Nxd6 Rd4 30. Qe3 1-0

[Event "POL-chT 2nd League"]
[Site "Miedzyzdroje"]
[Date "2009.09.12"]
[Round "1"]
[White "Moniszka, Krzysztof"]
[Black "Kulesza, Mateusz"]
[Result "0-1"]
[WhiteElo "2104"]
[BlackElo "2247"]
[PlyCount "51"]
[EventDate "2009.09.12"]
[EventType "team-swiss"]
[EventRounds "9"]
[EventCountry "POL"]
[SourceTitle "EXT 2019"]
[Source "ChessBase"]
[SourceDate "2018.10.10"]
[SourceVersion "1"]
[SourceVersionDate "2018.10.10"]
[SourceQuality "1"]
[WhiteTeam "Deblin Czarni"]
[BlackTeam "Gliwice Politechnika Slaska"]
[WhiteTeamCountry "POL"]
[BlackTeamCountry "POL"]

1. e4 e6 2. d3 d5 3. Nd2 Nf6 4. g3 b6 5. Bg2 Bb7 6. Qe2 c5 7. Ngf3 Nc6 8. c3 Qc7 9. 0-0 h6 10. Re1 0-0-0 11. Nf1 g5 12. h4 gxh4 13. Nxh4 Be7 14. Bf4 Qd7 15. Rad1 Ba6 16. Qc2 Nh5 17. exd5 exd5 18. Bc1 Bb7 19. Qa4 d4 20. Nf5 Bf6 21. Bh3 Kb8 22. Kh2 Ne5 23. Qxd7 Nf3+ 24. Kh1 Rxd7 25. Re4 dxc3 26. bxc3 0-1

[Event "POL-chT 2nd League"]
[Site "Ustron"]
[Date "2008.09.06"]
[Round "1.15"]
[White "Kulesza, Mateusz"]
[Black "Szymczak, Rafal"]
[Result "0-1"]
[WhiteElo "2280"]
[BlackElo "2118"]
[PlyCount "80"]
[EventDate "2008.09.06"]
[EventType "team-swiss"]
[EventRounds "9"]
[EventCountry "POL"]
[SourceTitle "EXT 2015"]
[Source "ChessBase"]
[SourceDate "2014.11.20"]
[SourceVersion "1"]
[SourceVersionDate "2014.11.20"]
[SourceQuality "1"]
[WhiteTeam "Gliwice Politechnika Slaska"]
[BlackTeam "Milanowek UKS Jedwabnik"]
[WhiteTeamCountry "POL"]
[BlackTeamCountry "POL"]

1. e4 c6 2. d4 d5 3. e5 c5 4. dxc5 e6 5. Nf3 Bxc5 6. Bd3 Ne7 7. 0-0 Nbc6 8. Nc3 a6 9. Bf4 Ng6 10. Bg3 0-0 11. h4 f6 12. Bxg6 hxg6 13. Qd3 Kf7 14. Ne2 Ne7 15. h5 Rh8 16. hxg6+ Nxg6 17. c4 Qb6 18. Rac1 Rd8 19. exf6 gxf6 20. Nh4 Rg8 21. Nxg6 Rxg6 22. cxd5 e5 23. Rc3 Bd6 24. Qe3 Qxe3 25. Rxe3 b5 26. Rc1 Bb7 27. f4 Rag8 28. fxe5 fxe5 29. Bxe5 Bxd5 30. Bxd6 Rxd6 31. Nf4 Bxa2 32. b3 Rgd8 33. Rc5 Bb1 34. Rce5 Rd1+ 35. Kf2 R1d2+ 36. Kf3 R8d7 37. g4 Bg6 38. Re6 Bc2 39. Rxa6 Re7 40. Rb6 Bd1+ 0-1

[Event "Kolobrzeg op"]
[Site "Kolobrzeg"]
[Date "2008.08.26"]
[Round "9"]
[White "Kulesza, Mateusz"]
[Black "Klekowski, Maciej"]
[Result "1/2-1/2"]
[WhiteElo "2280"]
[BlackElo "2197"]
[PlyCount "102"]
[EventDate "2008.08.18"]
[EventType "swiss"]
[EventRounds "9"]
[EventCountry "POL"]
[SourceTitle "CBM 126 Extra"]
[Source "ChessBase"]
[SourceDate "2008.11.05"]
[SourceVersion "1"]
[SourceVersionDate "2008.11.05"]
[SourceQuality "1"]

1. e4 c5 2. Nc3 Nc6 3. g3 g6 4. Bg2 Bg7 5. d3 d6 6. f4 e5 7. Nf3 Nge7 8. Be3 Nd4 9. Qd2 Nec6 10. 0-0 0-0 11. Rf2 Bg4 12. Raf1 Qd7 13. Nh4 f5 14. h3 Bh5 15. Nd5 Ne7 16. Nxe7+ Qxe7 17. c3 exf4 18. Bxf4 Ne6 19. Bh6 f4 20. Bxf4 Nxf4 21. Rxf4 Rxf4 22. Qxf4 Be2 23. Re1 Bxd3 24. Bf1 Rf8 25. Qe3 Bxf1 26. Rxf1 Rxf1+ 27. Kxf1 d5 28. Nf3 dxe4 29. Nd2 Qd7 30. Nxe4 Qxh3+ 31. Kg1 Qe6 32. Qd3 c4 33. Qd8+ Bf8 34. Qd4 Qb6 35. Qxb6 axb6 36. a4 Kf7 37. Nd2 Ke6 38. Nxc4 Bc5+ 39. Kf1 Kd5 40. b3 h5 41. Ke2 g5 42. Kf3 h4 43. gxh4 gxh4 44. Kg4 Ke4 45. b4 Kd3 46. Ne5+ Kxc3 47. bxc5 bxc5 48. Kxh4 c4 49. Kg3 Kd4 50. Kf4 c3 51. Nf3+ Kc4 1/2-1/2

[Event "POL-chT1"]
[Site "Chotowa"]
[Date "2007.09.10"]
[Round "8"]
[White "Kulesza, Mateusz"]
[Black "Czarnota, Pawel"]
[Result "0-1"]
[WhiteElo "2277"]
[BlackElo "2575"]
[PlyCount "50"]
[EventDate "2007.09.03"]
[EventType "team"]
[EventRounds "9"]
[EventCountry "POL"]
[SourceTitle "EXT 2009"]
[Source "ChessBase"]
[SourceDate "2008.11.26"]
[SourceVersion "1"]
[SourceVersionDate "2008.11.26"]
[SourceQuality "1"]

1. e4 c5 2. Nc3 Nc6 3. g3 g6 4. Bg2 Bg7 5. d3 d6 6. f4 e6 7. Nf3 Nge7 8. 0-0 0-0 9. Be3 b6 10. d4 d5 11. exd5 exd5 12. Bf2 Nf5 13. dxc5 d4 14. Ne4 bxc5 15. Nxc5 Qb6 16. Na4 Qa6 17. Nc5 Qb6 18. Na4 Qa5 19. c3 Ne3 20. Bxe3 dxe3 21. Re1 Rd8 22. b4 Nxb4 23. Nd4 Rb8 24. Rxe3 Bf5 25. cxb4 Qxb4 0-1

[Event "POL-chT1"]
[Site "Chotowa"]
[Date "2007.09.07"]
[Round "5"]
[White "Kulesza, Mateusz"]
[Black "Brodowski, Piotr"]
[Result "0-1"]
[WhiteElo "2277"]
[BlackElo "2365"]
[PlyCount "68"]
[EventDate "2007.09.03"]
[EventType "team"]
[EventRounds "9"]
[EventCountry "POL"]
[SourceTitle "EXT 2009"]
[Source "ChessBase"]
[SourceDate "2008.11.26"]
[SourceVersion "1"]
[SourceVersionDate "2008.11.26"]
[SourceQuality "1"]

1. e4 c5 2. Nc3 Nc6 3. g3 g6 4. Bg2 Bg7 5. d3 d6 6. f4 e6 7. Nf3 Nge7 8. 0-0 0-0 9. g4 f5 10. gxf5 exf5 11. h4 fxe4 12. dxe4 Bg4 13. Ne2 d5 14. exd5 Nd4 15. c3 Nxf3+ 16. Bxf3 Bxf3 17. Rxf3 Nf5 18. Be3 Qxh4 19. Bxc5 Qg4+ 20. Kf2 Nh4 21. Qh1 Rf5 22. Rh3 Rxf4+ 23. Nxf4 Qxf4+ 24. Ke2 Re8+ 25. Kd3 Qf5+ 26. Kc4 Re4+ 27. Bd4 b5+ 28. Kc5 Bf8+ 29. Kc6 Qc8+ 30. Kxb5 Qb7+ 31. Kc4 Qa6+ 32. Kb3 Qb5+ 33. Kc2 Re2+ 34. Kc1 Qxb2+ 0-1

[Event "POL-chT1"]
[Site "Chotowa"]
[Date "2007.09.06"]
[Round "4"]
[White "Ksieski, Zbigniew"]
[Black "Kulesza, Mateusz"]
[Result "0-1"]
[WhiteElo "2401"]
[BlackElo "2277"]
[PlyCount "120"]
[EventDate "2007.09.03"]
[EventType "team"]
[EventRounds "9"]
[EventCountry "POL"]
[SourceTitle "EXT 2009"]
[Source "ChessBase"]
[SourceDate "2008.11.26"]
[SourceVersion "1"]
[SourceVersionDate "2008.11.26"]
[SourceQuality "1"]

1. c4 e5 2. Nc3 Nc6 3. e3 f5 4. d4 e4 5. g4 Bb4 6. gxf5 Nf6 7. Nge2 d5 8. Ng3 0-0 9. Bd2 Bxc3 10. bxc3 Ne7 11. cxd5 Nxf5 12. Qc2 Ng4 13. Nxe4 Nd6 14. Rg1 Bf5 15. Bd3 Qh4 16. 0-0-0 Bxe4 17. Bxe4 Nxf2 18. Bd3 Nxd1 19. Qxd1 Rae8 20. c4 Ne4 21. Rg2 Nf2 22. Qe2 Nxd3+ 23. Qxd3 Qh3 24. Qe2 Qf5 25. Qg4 Qxg4 26. Rxg4 Rf2 27. h4 h5 28. Rg5 Rh2 29. c5 Rxh4 30. Kc2 Kf7 31. Rf5+ Kg6 32. Rf1 Rg4 33. Kd3 h4 34. Rh1 Kh5 35. d6 cxd6 36. cxd6 Rd8 37. Bb4 g5 38. e4 a5 39. Bc5 Kg6 40. e5 Kf5 41. Bb6 Rd7 42. Re1 Ke6 43. Kc4 h3 44. Kc5 h2 45. d5+ Kf5 46. e6 Rg1 47. exd7 Rxe1 48. d8Q h1Q 49. Qd7+ Kg6 50. Qxb7 Rc1+ 51. Kb5 Qf1+ 52. Kxa5 Qc4 53. a4 Rd1 54. Bc7 Rxd5+ 55. Kb6 Qb4+ 56. Ka7 Qxa4+ 57. Qa6 Qxa6+ 58. Kxa6 Kf7 59. Kb7 Ke6 60. Kc8 g4 0-1

[Event "POL-chT1"]
[Site "Chotowa"]
[Date "2007.09.05"]
[Round "3"]
[White "Kulesza, Mateusz"]
[Black "Barglowski, Filip"]
[Result "1/2-1/2"]
[WhiteElo "2277"]
[BlackElo "2377"]
[PlyCount "60"]
[EventDate "2007.09.03"]
[EventType "team"]
[EventRounds "9"]
[EventCountry "POL"]
[SourceTitle "EXT 2009"]
[Source "ChessBase"]
[SourceDate "2008.11.26"]
[SourceVersion "1"]
[SourceVersionDate "2008.11.26"]
[SourceQuality "1"]

1. e4 e5 2. Nc3 Nf6 3. g3 Nc6 4. Bg2 Bc5 5. Nge2 d6 6. Na4 Be6 7. Nxc5 dxc5 8. d3 Qd7 9. Bg5 h6 10. Bxf6 gxf6 11. Qd2 0-0-0 12. Qc3 Qd6 13. a3 Nd4 14. Nxd4 cxd4 15. Qa5 Kb8 16. 0-0 c5 17. f4 Rc8 18. b3 h5 19. f5 Bd7 20. h4 b5 21. Kh2 a6 22. Bf3 Ka7 23. Be2 b4 24. Rf2 Rb8 25. axb4 cxb4 26. Qa2 Rbc8 27. Qb1 Qf8 28. Qc1 Bb5 29. Ra2 Kb6 30. Kh3 Qg7 1/2-1/2

[Event "POL-chT 1st League"]
[Site "Opole"]
[Date "2006.09.10"]
[Round "9"]
[White "Kulesza, Mateusz"]
[Black "Mista, Aleksander"]
[Result "0-1"]
[WhiteElo "2282"]
[BlackElo "2493"]
[PlyCount "80"]
[EventDate "2006.09.01"]
[EventType "team-tourn"]
[EventRounds "9"]
[EventCountry "POL"]
[SourceTitle "CBM 114 Extra"]
[Source "ChessBase"]
[SourceDate "2006.11.03"]
[SourceVersion "1"]
[SourceVersionDate "2006.11.03"]
[SourceQuality "1"]
[WhiteTeam "Rybnik Preferow MKSz"]
[BlackTeam "Ostroda Ostrodzianka"]
[WhiteTeamCountry "POL"]
[BlackTeamCountry "POL"]

1. e4 g6 2. Nc3 Bg7 3. g3 c5 4. Be2 Nc6 5. d3 d6 6. f4 e5 7. Nf3 Nge7 8. 0-0 Nd4 9. Be3 0-0 10. Qd2 Bg4 11. Rf2 exf4 12. Bxf4 Bxf3 13. Bxf3 Nxf3+ 14. Rxf3 d5 15. Raf1 d4 16. Ne2 Nc6 17. R3f2 Rc8 18. Bh6 Bxh6 19. Qxh6 Ne5 20. h3 Rc6 21. g4 c4 22. Nc1 cxd3 23. Nxd3 Nxd3 24. cxd3 Qa5 25. a3 Qb5 26. Qd2 h5 27. gxh5 Qxh5 28. Qb4 Qxh3 29. Qxd4 Qg3+ 30. Rg2 Qd6 31. Qe3 Rd8 32. Qf3 Rd7 33. Rg3 Rc2 34. Rh3 Rxb2 35. Kh1 Rd2 36. Qg4 Rxd3 37. Rh2 Rd1 38. Rhf2 Rxf1+ 39. Rxf1 Qd3 40. Qf4 Re7 0-1

[Event "POL-chT 1st League"]
[Site "Opole"]
[Date "2006.09.09"]
[Round "8"]
[White "Koziak, Vitali"]
[Black "Kulesza, Mateusz"]
[Result "1/2-1/2"]
[WhiteElo "2483"]
[BlackElo "2282"]
[PlyCount "64"]
[EventDate "2006.09.01"]
[EventType "team-tourn"]
[EventRounds "9"]
[EventCountry "POL"]
[SourceTitle "CBM 114 Extra"]
[Source "ChessBase"]
[SourceDate "2006.11.03"]
[SourceVersion "1"]
[SourceVersionDate "2006.11.03"]
[SourceQuality "1"]
[WhiteTeam "Rzeszow Zelmer"]
[BlackTeam "Rybnik Preferow MKSz"]
[WhiteTeamCountry "POL"]
[BlackTeamCountry "POL"]

1. d4 e6 2. Nf3 d5 3. c4 c6 4. Nc3 Nf6 5. e3 Nbd7 6. Qc2 Be7 7. Bd3 dxc4 8. Bxc4 b5 9. Bd3 a6 10. e4 c5 11. e5 Nd5 12. Nxd5 exd5 13. Bxh7 Qb6 14. dxc5 Bxc5 15. Bd3 Bb7 16. 0-0 Nf8 17. a4 Ne6 18. axb5 axb5 19. Rxa8+ Bxa8 20. b4 Bxb4 21. Qc8+ Qd8 22. Bxb5+ Ke7 23. Qa6 f6 24. exf6+ gxf6 25. Ba3 Bxa3 26. Qxa3+ Kf7 27. Re1 Bb7 28. Qa7 Qc7 29. Ba6 Bxa6 30. Qxa6 Nd4 31. Kf1 Nxf3 32. Qe6+ Kg6 1/2-1/2

[Event "Rewal op 11th"]
[Site "Rewal"]
[Date "2006.08.26"]
[Round "8"]
[White "Kulesza, Mateusz"]
[Black "Vager, Boris"]
[Result "1-0"]
[WhiteElo "2276"]
[BlackElo "2142"]
[PlyCount "99"]
[EventDate "2006.08.21"]
[EventType "swiss"]
[EventRounds "11"]
[EventCountry "POL"]
[SourceTitle "EXT 2010"]
[Source "ChessBase"]
[SourceDate "2010.11.25"]
[SourceVersion "1"]
[SourceVersionDate "2010.11.25"]
[SourceQuality "1"]

1. e4 c5 2. Nc3 Nc6 3. g3 e6 4. Bg2 Nf6 5. f4 d5 6. d3 Be7 7. Nf3 dxe4 8. Nxe4 Nxe4 9. dxe4 Qxd1+ 10. Kxd1 0-0 11. c3 b6 12. Kc2 Bb7 13. Rd1 Rfd8 14. Rxd8+ Rxd8 15. e5 Kf8 16. Be3 h6 17. Ne1 Ke8 18. b3 Na5 19. Bxb7 Nxb7 20. Nf3 Na5 21. Nd2 Nc6 22. Ne4 h5 23. a3 f6 24. exf6 gxf6 25. b4 cxb4 26. axb4 Rd7 27. Nd2 Bd6 28. Ne4 Be7 29. Nd2 Bd6 30. Nc4 Bb8 31. Re1 Kf7 32. Nd2 Ne7 33. Nf3 Nf5 34. Bf2 Bc7 35. c4 Bd6 36. Rd1 Ke8 37. Kb3 Be7 38. Rxd7 Kxd7 39. b5 Bc5 40. Bxc5 bxc5 41. Kc3 Kc7 42. Nd2 Nd6 43. Kd3 Kd7 44. Ne4 Nxe4 45. Kxe4 Kd6 46. f5 e5 47. h3 Kc7 48. Kd5 Kb6 49. g4 h4 50. g5 1-0

[Event "Rewal op 11th"]
[Site "Rewal"]
[Date "2006.08.25"]
[Round "6"]
[White "Kulesza, Mateusz"]
[Black "Duda, Lukasz"]
[Result "1/2-1/2"]
[WhiteElo "2276"]
[BlackElo "2162"]
[PlyCount "98"]
[EventDate "2006.08.21"]
[EventType "swiss"]
[EventRounds "11"]
[EventCountry "POL"]
[SourceTitle "EXT 2010"]
[Source "ChessBase"]
[SourceDate "2010.11.25"]
[SourceVersion "1"]
[SourceVersionDate "2010.11.25"]
[SourceQuality "1"]

1. e4 e5 2. Nc3 Nc6 3. Nf3 Nf6 4. d4 exd4 5. Nxd4 d6 6. Nxc6 bxc6 7. Bd3 g6 8. 0-0 Bg7 9. Bg5 0-0 10. f4 Qe8 11. Qf3 Rb8 12. Rab1 Nd7 13. Na4 Nb6 14. Nxb6 Rxb6 15. b3 d5 16. Rbe1 Qd7 17. f5 f6 18. Be3 d4 19. Bc4+ Kh8 20. Rd1 c5 21. c3 gxf5 22. exf5 Bb7 23. Qh3 Rd8 24. cxd4 Rd6 25. Rf4 cxd4 26. Rfxd4 Rxd4 27. Rxd4 Qe7 28. Rxd8+ Qxd8 29. Qh5 Be4 30. Bxa7 Bf8 31. Qg4 Bd5 32. Qd4 c6 33. Bxd5 cxd5 34. Bc5 Bxc5 35. Qxc5 d4 36. Qc2 d3 37. Qd2 Qd5 38. b4 Qxf5 39. a4 Qe4 40. a5 Qc4 41. Kf2 Qd4+ 42. Kf3 f5 43. g3 Qe4+ 44. Kf2 Qd4+ 45. Kf1 Qe4 46. Qb2+ Kg8 47. Kf2 Qc4 48. Ke1 Qe4+ 49. Kd1 Qf3+ 1/2-1/2

[Event "POL-chT 2nd League"]
[Site "Wysowa"]
[Date "2005.08.27"]
[Round "1.91"]
[White "Tomczak, Jacek"]
[Black "Kulesza, Mateusz"]
[Result "1-0"]
[WhiteElo "2329"]
[BlackElo "2294"]
[PlyCount "41"]
[EventDate "2005.08.27"]
[EventType "team-swiss"]
[EventRounds "9"]
[EventCountry "POL"]
[SourceTitle "EXT 2019"]
[Source "ChessBase"]
[SourceDate "2018.10.10"]
[SourceVersion "1"]
[SourceVersionDate "2018.10.10"]
[SourceQuality "1"]
[WhiteTeam "Srem LKS Piast"]
[BlackTeam "Rybnik MKSz"]
[WhiteTeamCountry "POL"]
[BlackTeamCountry "POL"]

1. e4 e6 2. d4 d5 3. Nc3 Bb4 4. e5 c5 5. a3 Bxc3+ 6. bxc3 Nc6 7. h4 Qa5 8. Bd2 Qa4 9. Nf3 cxd4 10. cxd4 Nxd4 11. Bd3 Ne7 12. Bc3 Nb5 13. Bb4 Nc6 14. Qe2 a6 15. 0-0 Bd7 16. c3 Rc8 17. Bc2 Nbd4 18. Nxd4 Nxd4 19. Qg4 Qxc2 20. Qxg7 Nf3+ 21. Kh1 1-0

[Event "POL-chT U19 36th 1st League"]
[Site "Koszalin"]
[Date "2005.07.12"]
[Round "10"]
[White "Stopa, Jacek"]
[Black "Kulesza, Mateusz"]
[Result "1-0"]
[WhiteElo "2460"]
[BlackElo "2294"]
[PlyCount "77"]
[EventDate "2005.07.05"]
[EventType "team-tourn"]
[EventRounds "11"]
[EventCountry "POL"]
[SourceTitle "CBM 107 Extra"]
[Source "ChessBase"]
[SourceDate "2005.09.01"]
[SourceVersion "1"]
[SourceVersionDate "2005.09.01"]
[SourceQuality "1"]
[WhiteTeam "Legnica Miedz U19"]
[BlackTeam "Rybnik MKSz U19"]
[WhiteTeamCountry "POL"]
[BlackTeamCountry "POL"]

1. e4 e6 2. d4 d5 3. Nc3 Nf6 4. Bg5 Be7 5. e5 Nfd7 6. h4 0-0 7. Qg4 f5 8. Qg3 Bxg5 9. hxg5 g6 10. 0-0-0 b6 11. Nge2 Rf7 12. Nxd5 exd5 13. e6 Re7 14. exd7 Qxd7 15. Nf4 Qd6 16. Qf3 c6 17. Rh6 Nd7 18. Bd3 Nf8 19. Nh5 Rf7 20. Nf6+ Rxf6 21. gxf6 Qxf6 22. Kb1 Bd7 23. c3 Re8 24. Rhh1 a5 25. Rhe1 Qg5 26. Rxe8 Bxe8 27. Re1 Bf7 28. g3 Ne6 29. Re5 Kg7 30. Qe2 Kf6 31. Ba6 Qg4 32. Qd3 f4 33. Bc8 g5 34. Ka1 h5 35. a3 a4 36. Ka2 Bg6 37. Rxe6+ Qxe6 38. Qxg6+ Kxg6 39. Bxe6 1-0

[Event "POL-chT U19 36th 1st League"]
[Site "Koszalin"]
[Date "2005.07.08"]
[Round "5"]
[White "Kulesza, Mateusz"]
[Black "Rutkowski, Maciej"]
[Result "1/2-1/2"]
[WhiteElo "2294"]
[BlackElo "2358"]
[PlyCount "60"]
[EventDate "2005.07.05"]
[EventType "team-tourn"]
[EventRounds "11"]
[EventCountry "POL"]
[SourceTitle "CBM 107 Extra"]
[Source "ChessBase"]
[SourceDate "2005.09.01"]
[SourceVersion "1"]
[SourceVersionDate "2005.09.01"]
[SourceQuality "1"]
[WhiteTeam "Rybnik MKSz U19"]
[BlackTeam "Gorzow Wielkopolski Stilon U19"]
[WhiteTeamCountry "POL"]
[BlackTeamCountry "POL"]

1. e4 c5 2. Nc3 e6 3. g3 d5 4. exd5 exd5 5. d4 cxd4 6. Qxd4 Nf6 7. Bg5 Be7 8. Bb5+ Nc6 9. Bxf6 Bxf6 10. Qc5 Bxc3+ 11. bxc3 Qe7+ 12. Qxe7+ Kxe7 13. Kd2 Be6 14. Nf3 Rhc8 15. Rhe1 Kd6 16. Re3 Re8 17. Rae1 Bd7 18. Rxe8 Bxe8 19. Bxc6 bxc6 20. Rb1 Kc7 21. Re1 Kd6 22. Rb1 f6 23. Rb7 Bd7 24. Ne1 c5 25. Nd3 Kc6 26. Rb1 Re8 27. f3 g5 28. a4 Bf5 29. Rb5 Bxd3 30. cxd3 a6 1/2-1/2

[Event "POL-chT U19 36th 1st League"]
[Site "Koszalin"]
[Date "2005.07.07"]
[Round "3"]
[White "Kulesza, Mateusz"]
[Black "Luch, Michal"]
[Result "1/2-1/2"]
[WhiteElo "2294"]
[BlackElo "2414"]
[PlyCount "31"]
[EventDate "2005.07.05"]
[EventType "team-tourn"]
[EventRounds "11"]
[EventCountry "POL"]
[SourceTitle "CBM 107 Extra"]
[Source "ChessBase"]
[SourceDate "2005.09.01"]
[SourceVersion "1"]
[SourceVersionDate "2005.09.01"]
[SourceQuality "1"]
[WhiteTeam "Rybnik MKSz U19"]
[BlackTeam "Warszawa Polonia U19"]
[WhiteTeamCountry "POL"]
[BlackTeamCountry "POL"]

1. g3 g6 2. Bg2 Bg7 3. e4 c5 4. Nc3 Nc6 5. d3 d6 6. f4 e6 7. Nf3 Nge7 8. 0-0 0-0 9. Be3 b6 10. g4 d5 11. Bf2 dxe4 12. dxe4 Ba6 13. Re1 Qc7 14. e5 Rad8 15. Qc1 Nd4 16. Bh4 1/2-1/2

[Event "POL-chT U19 36th 1st League"]
[Site "Koszalin"]
[Date "2005.07.06"]
[Round "2"]
[White "Baran, Pawel"]
[Black "Kulesza, Mateusz"]
[Result "0-1"]
[WhiteElo "2094"]
[BlackElo "2294"]
[PlyCount "64"]
[EventDate "2005.07.05"]
[EventType "team-tourn"]
[EventRounds "11"]
[EventCountry "POL"]
[SourceTitle "CBM 107 Extra"]
[Source "ChessBase"]
[SourceDate "2005.09.01"]
[SourceVersion "1"]
[SourceVersionDate "2005.09.01"]
[SourceQuality "1"]
[WhiteTeam "Koszalin Hetman Politechnika U19"]
[BlackTeam "Rybnik MKSz U19"]
[WhiteTeamCountry "POL"]
[BlackTeamCountry "POL"]

1. e4 e6 2. d4 d5 3. Nc3 Bb4 4. a3 Bxc3+ 5. bxc3 dxe4 6. Qg4 Nf6 7. Qxg7 Rg8 8. Qh6 Rg6 9. Qd2 b6 10. Ne2 Bb7 11. Bb2 Nbd7 12. 0-0-0 Qe7 13. c4 0-0-0 14. h4 Nc5 15. Nf4 Rgg8 16. Qe3 Na4 17. Be2 Nxb2 18. Kxb2 e5 19. dxe5 Qxe5+ 20. c3 Nd7 21. h5 Nc5 22. Rd4 Na4+ 23. Kb3 Nxc3 24. Rxd8+ Rxd8 25. Bg4+ Kb8 26. Rc1 Na4 27. Rc2 Nc5+ 28. Ka2 Nd3 29. Rd2 Ba6 30. Kb3 Rd4 31. Nxd3 Bxc4+ 32. Kc2 exd3+ 0-1

[Event "Perla Baltyku op 1st"]
[Site "Mielno"]
[Date "2005.06.13"]
[Round "4"]
[White "Motyka, Michal"]
[Black "Kulesza, Mateusz"]
[Result "0-1"]
[WhiteElo "2229"]
[BlackElo "2301"]
[PlyCount "102"]
[EventDate "2005.06.10"]
[EventType "swiss"]
[EventRounds "10"]
[EventCountry "POL"]
[SourceTitle "EXT 2006"]
[Source "ChessBase"]
[SourceDate "2005.11.24"]
[SourceVersion "1"]
[SourceVersionDate "2005.11.24"]
[SourceQuality "1"]

1. e4 e6 2. d4 d5 3. exd5 exd5 4. Bd3 c5 5. Nf3 Nc6 6. c3 Nf6 7. 0-0 c4 8. Re1+ Be7 9. Bc2 Bg4 10. Nbd2 0-0 11. Nf1 Bh5 12. Ng3 Bg6 13. Nf5 Re8 14. Bg5 Ne4 15. Nxe7+ Nxe7 16. Bxe4 Bxe4 17. Bxe7 Rxe7 18. Ne5 f6 19. Ng4 Qd6 20. Qd2 h5 21. Ne3 Rae8 22. Nf1 h4 23. h3 g5 24. Nh2 Kg7 25. Ng4 Bd3 26. Rxe7+ Qxe7 27. Ne3 Qd7 28. Re1 f5 29. Nd1 Kg6 30. Rxe8 Qxe8 31. Qe3 Qd7 32. f4 Be4 33. fxg5 Qa4 34. Nf2 Qxa2 35. Qf4 Qb1+ 36. Kh2 Qf1 37. Qd6+ Kxg5 38. Qe7+ Kf4 39. Qxh4+ Ke3 40. Qg3+ Ke2 41. Nh1 f4 42. Qg4+ Kd2 43. h4 Kc2 44. h5 f3 45. gxf3 Bxf3 46. Qg6+ Kxb2 47. Qg1 Qxg1+ 48. Kxg1 Bxh5 49. Ng3 Bg6 50. Ne2 a5 51. Nf4 Be4 0-1

[Event "Perla Baltyku op 1st"]
[Site "Mielno"]
[Date "2005.06.12"]
[Round "3"]
[White "Kulesza, Mateusz"]
[Black "Sokolowski, Ryszard"]
[Result "1-0"]
[WhiteElo "2301"]
[BlackElo "2205"]
[PlyCount "64"]
[EventDate "2005.06.10"]
[EventType "swiss"]
[EventRounds "10"]
[EventCountry "POL"]
[SourceTitle "EXT 2006"]
[Source "ChessBase"]
[SourceDate "2005.11.24"]
[SourceVersion "1"]
[SourceVersionDate "2005.11.24"]
[SourceQuality "1"]

1. e4 d6 2. Nc3 e5 3. g3 Nf6 4. Bg2 c6 5. d3 Be7 6. f4 b5 7. Nf3 Nbd7 8. Qe2 Bb7 9. 0-0 0-0 10. Nd1 Re8 11. h3 Bf8 12. f5 d5 13. g4 dxe4 14. dxe4 c5 15. Nf2 c4 16. Nh2 Nc5 17. g5 Nfd7 18. Nhg4 Qb6 19. Ne3 Rad8 20. h4 Nb8 21. h5 Rd4 22. Qg4 Nbd7 23. c3 Rd3 24. Kh2 Na4 25. Nxd3 cxd3 26. f6 Ndc5 27. g6 gxf6 28. g7 Bc8 29. gxf8Q+ Kxf8 30. Nf5 Bxf5 31. Qxf5 Ke7 32. Be3 Qd6 1-0